1303 1259 1104 1871 1223 1745 1165 1742 1016 1845 1155 1392 1195 1730 1188 1404 1743 1614 1925 1384 1528 1649 1610 1385 1715 1215 1006 1565 1018 1459 1000 1699 1527 1591 1797 1600 1103 1017 1639 1339 1633 1224 1161 1843 1084 1387 1164 1828 1398 1142 1393 1519 1991 1209 1941 1985 1102 1213 1998 1444 1357 1166 1917 1212 1412 1509 1096 1302 1565 1718 1060 1078 1910 1427 1347 1990 1703 1225 1149 1934 1793 1367 1471 1977 1181 1541 1396 1404 1911 1213 1703 1963 1358 1024 1626 1068 1402 1307 1105 BCNSPRNW ULIB Ver.6.0+V

เปลี่ยนเป็นภาษาไทย

Change to English
 แสดงรายละเอียดบรรณานุกรม
  กลับหน้าหลัก

Brief Record : Get Marc (ISO 2709) : E-mail record : QR code < ปิดหน้าต่าง
LEADER : 00000nam 2200000uu 4500
001    13399115182
003     ULIB
008    120719s||||||||th 000 0 tha d
060  4 WY160.5^bท498ก
100 0  ทิพพาพร ตังอำนวย
245 00 การพยาบาลผู้ป่วยบาดเจ็บที่ศรีษะ/^cทิพพาพร ตังอำนวย
945    ^p0^l0^i016765
999 ^a ศิริพร
รายการนี้ยังไม่มีแท็ก
คุณยังไม่ได้ล็อกอิน คุณสามารถมีกิจกรรมร่วมกับเว็บไซต์ได้ แต่ต้องล็อกอินก่อน ::
  ล็อกอิน

รายการสื่อสารสนเทศ

ลำดับที่ ประเภท เลขเรียก/บาร์โค้ด สถานที่ สถานะ
- ไม่พบข้อมูล -

BibComment


ยังไม่เคยถูกคอมเมนท์

คอมเมนท์ทรัพยากรรายการนี้
  คอมเมนท์: การพยาบาลผู้ป่วยบ..


 Copyright 2026. Bcnsprnw @Library